000 01423nam a2200457 i 4500
001 24832
003 KOSZ 005
005 20191220092935.0
008 990205s1997 pl a f f |000 0 pol
015 _aPB 1999/2360
020 _a8301112417
035 _a(OCoLC)749899832
040 _aWA N
_cWA N
_dKOSZ 005/HR
041 0 _apol
080 _a311
080 _a519.2
080 _a(075.8)
100 1 _aSobczyk, Mieczysław
_d(1945- )
_eAutor
245 1 0 _aStatystyka /
_cMieczysław Sobczyk.
250 _aWyd. 2 popr., dodr. 3.
260 _aWarszawa :
_bWydaw. Naukowe PWN,
_c1997.
300 _a328 s. :
_bwykr. ;
_c21 cm.
336 _2rdacontent
_aTekst
_btxt
337 _2rdamedia
_aBez urządzenia pośredniczącego
_bn
338 _2rdacarrier
_aWolumin
_bnc
380 _aKsiążki
380 _aPublikacje dydaktyczne
385 _mPoziom nauczania
_aSzkoły wyższe
388 _a1901-2000
388 _a1989-2000
504 _aBibliogr. s. 325-326.
650 4 _aStatystyka
650 4 _aMetody statystyczne
655 4 _aPodręczniki akademickie
658 _aGospodarka, ekonomia, finanse
658 _aMatematyka
710 2 _aWydawnictwo Naukowe PWN
_4pbl.
856 _uhttp://koha.tu.koszalin.pl/cgi-bin/koha/opac-detail.pl?biblionumber=24832
_yKatalog online BPK
856 _uhttp://libra.ibuk.pl/book/697
_yIBUK
942 _2UKD
_cKS
999 _c24832
_d24832